| 000 | 01336nam0a2200397 4500 | ||
|---|---|---|---|
| 001 | RU\NLR\bibl\442186 | ||
| 005 | 20250623175326.0 | ||
| 010 |
_a5-88503-129-0 _95000 |
||
| 021 |
_aRU _b2003-34000 _91610 |
||
| 035 | _a(NLR Aleph) 000435908 | ||
| 090 |
_a783603 _c783603 |
||
| 100 | _a20030908d2003 |||y0rusy50 ca | ||
| 101 | 0 | _arus | |
| 102 | _aRU | ||
| 105 | _ay ||||||||| | ||
| 200 | 1 |
_aЗона особого внимания: биоритмы до 2005 года _fГ. Н. Ужегов |
|
| 210 |
_aМ. _aСПб. _cДиля _d2003 |
||
| 215 |
_a509,[2] с. _d20 |
||
| 225 | 1 | _aЗона особого внимания | |
| 300 | _aЗагл. корешка : Биоритмы до 2005 года | ||
| 320 | _aБиблиогр.: с. 510 | ||
| 606 | 0 |
_aФизиологические процессы _xРитм _91144693 _3RU\NLR\auth\66137681 |
|
| 610 | 0 | _aБиологические ритмы | |
| 610 | 0 | _aКалендари лунные | |
| 675 |
_a612.014.4 _v3 _zrus |
||
| 686 |
_a34.41 _2rugasnti |
||
| 686 |
_a28.707.1 _2rubbk |
||
| 686 | _aЕ903,11 | ||
| 686 | _aР252.2 | ||
| 700 | 1 |
_aУжегов _bГ. Н. _gГенрих Николаевич _4070 |
|
| 801 | 0 |
_aRU _bRKP _c20030908 _gPSBO |
|
| 801 | 1 |
_aRU _bRKP _c20030908 |
|
| 801 | 2 |
_aRU _bNLR _c20031112 _grcr |
|
| 942 | _cBOOK | ||
| 980 | _aNB | ||